The role of the private sector in peace building : (Record no. 1014)

MARC details
000 -LEADER
fixed length control field 00757nam a22002297a 4500
005 - DATE AND TIME OF LATEST TRANSACTION
control field 20240515073711.0
008 - FIXED-LENGTH DATA ELEMENTS--GENERAL INFORMATION
fixed length control field 240216b |||||||| |||| 00| 0 eng d
020 ## - INTERNATIONAL STANDARD BOOK NUMBER
International Standard Book Number 9789982072496
040 ## - CATALOGING SOURCE
Original cataloging agency KMU
Transcribing agency KMU
Modifying agency KMU
Description conventions rda
110 ## - MAIN ENTRY--CORPORATE NAME
Corporate name or jurisdiction name as entry element Copperbelt University
245 ## - TITLE STATEMENT
Title The role of the private sector in peace building :
Remainder of title Proceedings of the workshop held at the Copperbelt University/
Statement of responsibility, etc. The Copperbelt University, John Lungu,Rosemary Chilufya
260 ## - PUBLICATION, DISTRIBUTION, ETC.
Place of publication, distribution, etc. Ndola:
Name of publisher, distributor, etc. Mission Press,
Date of publication, distribution, etc. 2009.
300 ## - PHYSICAL DESCRIPTION
Extent 81 p. :
Dimensions 19 cm.
Other physical details viii.;
500 ## - GENERAL NOTE
General note Includes appendices
650 ## - SUBJECT ADDED ENTRY--TOPICAL TERM
Topical term or geographic name entry element Peace building.
650 ## - SUBJECT ADDED ENTRY--TOPICAL TERM
Topical term or geographic name entry element Copperbelt University
650 ## - SUBJECT ADDED ENTRY--TOPICAL TERM
Topical term or geographic name entry element Workshop
650 ## - SUBJECT ADDED ENTRY--TOPICAL TERM
Topical term or geographic name entry element Private Sector
700 ## - ADDED ENTRY--PERSONAL NAME
Personal name Lungu John
700 ## - ADDED ENTRY--PERSONAL NAME
Personal name Chilufya Rosemary
942 ## - ADDED ENTRY ELEMENTS (KOHA)
Koha item type Report
Suppress in OPAC No
Holdings
Withdrawn status Lost status Damaged status Not for loan Collection Home library Current library Shelving location Date acquired Source of acquisition Total Checkouts Full call number Barcode Date last seen Price effective from Koha item type
        Non-fiction Kapasa Makasa University Kapasa Makasa University Special Collection 16.02.2024 CBU   CBU(02)2008/1D B4059 16.02.2024 16.02.2024 Non-Fiction
        Non-fiction Kapasa Makasa University Kapasa Makasa University Special Collection 16.02.2024 CBU   CBU(02)2008/1E B4061 16.02.2024 16.02.2024 Non-Fiction
        Non-fiction Kapasa Makasa University Kapasa Makasa University Special Collection 16.02.2024 CBU   CBU(02)2008/1F B4062 16.02.2024 16.02.2024 Non-Fiction
        Non-fiction Kapasa Makasa University Kapasa Makasa University Special Collection 16.02.2024 CBU   CBU(02)2008/1A B3555 16.02.2024 16.02.2024 Non-Fiction
        Non-fiction Kapasa Makasa University Kapasa Makasa University Special Collection 16.02.2024 CBU   CBU(02)2008/1C B4057 16.02.2024 16.02.2024 Non-Fiction
        Non-fiction Kapasa Makasa University Kapasa Makasa University Special Collection 16.02.2024 CBU   CBU(02)2008/1B B3556 16.02.2024 16.02.2024 Non-Fiction